[Event "Barcelona La Lira Spring op 1st"]
[Site "Barcelona"]
[Date "2008.04.03"]
[Round "1.10"]
[White "Pal Pelaez, Juan Antonio"]
[Black "Rueda Marquez, David Juan"]
[Result "0-1"]
[WhiteElo "1593"]
[BlackElo "2085"]
[PlyCount "86"]
[EventDate "2008.04.03"]
[EventType "swiss"]
[EventRounds "8"]
[EventCountry "ESP"]
[SourceTitle "EXT 2024"]
[Source "ChessBase"]
[SourceDate "2023.10.10"]
[SourceVersion "1"]
[SourceVersionDate "2023.10.10"]
[SourceQuality "1"]

1. d4 d5 2. Nf3 c6 3. g3 Nf6 4. Bg2 Bf5 5. c4 Nbd7 6. Nc3 e6 7. 0-0 h6 8. Bf4 g5 9. Be5 Bg7 10. Qb3 Qb6 11. e3 Bd3 12. Nxd5 Qxb3 13. Nc7+ Kd8 14. axb3 Rc8 15. Rfd1 Bc2 16. Rdc1 g4 17. Nd2 Nxe5 18. Nxe6+ fxe6 19. dxe5 Nd7 20. Rxc2 a6 21. f4 gxf3 22. Bxf3 Nxe5 23. Bh5 Ke7 24. Ne4 Nd3 25. Rb1 Rcd8 26. c5 Rd5 27. Bf3 Ne5 28. Be2 Rhd8 29. b4 Nd3 30. Nd6 Nxb4 31. Rc3 Rxc5 32. Rxc5 Rxd6 33. b3 Rd2 34. Rc4 Nd5 35. Rg4 Bf6 36. Kf2 Bg5 37. Re4 Nc3 38. Rb4 Rxe2+ 39. Kf1 b5 40. Ra1 Bxe3 41. Rxa6 Rf2+ 42. Ke1 Rxh2 43. Rxc6 Rh1# 0-1